000 00984nam a2200265Ia 4500
003 OSt
005 20221005105859.0
006 a|||||r|||| 00| 0
007 ta
008 221004b |||||||| |||| 00| 0 hin d
020 _a8126018992 (pbk)
_c200
024 _a92862
037 _b494, 19/03/2009, Vani Prakashan
_cTextual
040 _aCRL
_cCRL
_bhin
041 _2hin
_ahin
082 _aO113,1M75x, 152P4
100 _aरिल्के
245 0 _aअब भी वसंत को तुम्हारी ज़रूरत है
246 _aAb bhī vasanta ko tumhārī ज़rūrat hai
260 _aनई दिल्ली
_bसाहित्य अकादेमी भारत
_c2004
300 _a83पृ0
_ccm.
700 _a अनामिका, अनु.
942 _hO113,1M75x, 152P4
_cTEXL
_2cc
999 _c1017179
_d1017179